Statistics for New York Giants Trivia

Click here to take the quiz!

General Stats

  • This quiz has been taken 509 times
  • The average score is 11 of 16

Answer Stats

QuestionAnswer% Correct
Quarterback selected #6 overall in 2019Daniel Jones
98%
Elite quarterback who beat Tom Brady in the Super Bowl - twiceEli Manning
97%
Penn State running back who was a Pro Bowler in 2018 and 2022Saquon Barkley
96%
Player who set a single-season record with 22.5 sacks in 2001Michael Strahan
87%
The only linebacker ever to win a league MVP (1986)Lawrence Taylor
85%
Frmer defensive end has initials JPPJason Pierre-Paul
77%
Former receiver known for celebrating with a salsa danceVictor Cruz
74%
Another nickname of the Giants
{Big} {Blue}
Wrecking Crew
72%
Quarterback who set a record for accuracy when he completed 22 of 25
passes in Super Bowl XXI
Phil Simms
67%
Player who caught the "helmet catch" in Super Bowl XLIIDavid Tyree
63%
Former receiver who accidentally shot himself in the thigh when he put
his gun in his pants
Plaxico Burress
56%
Nickname of the Giants (and also the FBI)The G-Men
56%
Former coach who was famous for setting all the clocks 5 minutes ahead so that
on-time was late
Tom Coughlin
47%
Former coach nicknamed "The Big Tuna"
Bill Parcells
44%
"Washed up" quarterback who led the Giants to three straight championship
games in the early 1960s
Y. A. Tittle
30%
1950s star player who was married to TV host Kathie LeeFrank Gifford
28%

Score Distribution

Percentile by Number Answered

Percent of People with Each Score

Your Score History

You have not taken this quiz